[Event "Verbandsliga MVP 2013-14"]
[Site "MVP"]
[Date "2014.03.16"]
[Round "7.2"]
[White "Engel, Gunnar"]
[Black "Schumacher, Dirk"]
[Result "1/2-1/2"]
[WhiteElo "2040"]
[BlackElo "2000"]
[PlyCount "65"]
[EventDate "2013.??.??"]
[EventType "team-tourn"]
[EventRounds "9"]
[EventCountry "GER"]
[SourceDate "2013.10.20"]
[WhiteTeam "SSC Rostock 07 II"]
[BlackTeam "SF Ostsee Warnemünde"]
[WhiteTeamCountry "GER"]
[BlackTeamCountry "GER"]

1. e4 c5 2. Nf3 d6 3. d4 cxd4 4. Nxd4 Nf6 5. Nc3 a6 6. Be3 e5 7. Nf3 Be6 8. Ng5
Qd7 9. Nxe6 Qxe6 10. a4 Nbd7 11. Be2 Rc8 12. Bf3 Qc4 13. a5 Be7 14. Ra4 Qc7 15.
O-O O-O 16. Ra1 Rfd8 17. g4 Kh8 18. g5 Ng8 19. Bg4 f6 20. Be6 Rf8 21. Qg4 fxg5
22. Bb6 Nxb6 23. axb6 Qc5 24. Bxc8 Rxc8 25. Qd7 Qc6 26. Qxc6 Rxc6 27. Nd5 Bd8
28. Ra3 Nf6 29. Rc3 Rxc3 30. Nxc3 Bxb6 31. Rd1 Bd4 32. Ne2 Bc5 33. Nc3 1/2-1/2

[Event "Verbandsliga MVP 2013-14"]
[Site "MVP"]
[Date "2014.03.16"]
[Round "7.3"]
[White "Ruesch, Hans Joachim"]
[Black "Pererva, Viktor"]
[Result "0-1"]
[WhiteElo "1984"]
[BlackElo "1960"]
[PlyCount "54"]
[EventDate "2013.??.??"]
[EventType "team-tourn"]
[EventRounds "9"]
[EventCountry "GER"]
[SourceDate "2013.10.20"]
[WhiteTeam "SF Ostsee Warnemünde"]
[BlackTeam "SSC Rostock 07 II"]
[WhiteTeamCountry "GER"]
[BlackTeamCountry "GER"]

1. d4 d5 2. Nf3 Nf6 3. c4 c6 4. Nc3 dxc4 5. a4 Bf5 6. e3 e6 7. Bxc4 Bb4 8. O-O
O-O 9. Qe2 Bg4 10. h3 Bh5 11. Rd1 Qa5 12. e4 Nbd7 13. e5 Nd5 14. Ne4 Qc7 15.
Ng3 Bg6 16. Bd3 c5 17. Bxg6 hxg6 18. h4 Rac8 19. h5 gxh5 20. Nxh5 cxd4 21. Nf4
Nxf4 22. Bxf4 Qc4 23. Qe4 Nc5 24. Qxd4 Nb3 25. Qe3 Bc5 26. Qe1 Nxa1 27. Rxa1
Qxf4 0-1

[Event "Verbandsliga MVP 2013-14"]
[Site "MVP"]
[Date "2014.03.16"]
[Round "7.4"]
[White "Brack, Peter"]
[Black "Hamann, Dirk"]
[Result "0-1"]
[WhiteElo "1975"]
[BlackElo "1878"]
[PlyCount "96"]
[EventDate "2013.??.??"]
[EventType "team-tourn"]
[EventRounds "9"]
[EventCountry "GER"]
[SourceDate "2013.10.20"]
[WhiteTeam "SSC Rostock 07 II"]
[BlackTeam "SF Ostsee Warnemünde"]
[WhiteTeamCountry "GER"]
[BlackTeamCountry "GER"]

1. c4 Nf6 2. Nc3 g6 3. g3 Bg7 4. Bg2 O-O 5. d3 c6 6. Nf3 d5 7. O-O Na6 8. cxd5
cxd5 9. d4 e6 10. Qb3 Qb6 11. Qxb6 axb6 12. Bf4 Bd7 13. Rfc1 Rfc8 14. Ne5 Be8
15. Nd3 Bf8 16. a3 b5 17. Bg5 Nh5 18. e4 dxe4 19. Bxe4 Bc6 20. g4 Ng7 21. Ne5
Bxe4 22. Nxe4 Ne8 23. Nd7 b4 24. Nxf8 Kxf8 25. a4 b6 26. Kf1 f5 27. gxf5 exf5
28. Nd2 Nac7 29. Ke2 Ne6 30. Bh6+ Kf7 31. Nf3 Rxc1 32. Bxc1 Rc8 33. Kd3 Nd6 34.
Ne5+ Ke7 35. Bd2 b3 36. f3 Rc2 37. Rb1 Nxd4 38. Bb4 Ne6 39. Bxd6+ Kxd6 40. Nc4+
Kc5 41. Nd2 Kb4 42. h4 Nc5+ 43. Ke3 Nxa4 44. h5 Nxb2 45. hxg6 hxg6 46. Rg1 f4+
47. Kxf4 Rxd2 48. Rxg6 Nc4 0-1

[Event "Verbandsliga MVP 2013-14"]
[Site "MVP"]
[Date "2014.03.16"]
[Round "7.5"]
[White "Birnbaum, Wolf Dieter"]
[Black "Mangold, Thomas"]
[Result "1/2-1/2"]
[WhiteElo "1828"]
[BlackElo "1896"]
[PlyCount "23"]
[EventDate "2013.??.??"]
[EventType "team-tourn"]
[EventRounds "9"]
[EventCountry "GER"]
[SourceDate "2013.10.20"]
[WhiteTeam "SF Ostsee Warnemünde"]
[BlackTeam "SSC Rostock 07 II"]
[WhiteTeamCountry "GER"]
[BlackTeamCountry "GER"]

1. Nf3 Nf6 2. g3 g6 3. Bg2 c5 4. O-O Bg7 5. c4 Nc6 6. Nc3 e5 7. e4 d6 8. d3 O-O
9. Nd5 Nxd5 10. cxd5 Ne7 11. Bd2 b6 12. b4 1/2-1/2

[Event "Verbandsliga MVP 2013-14"]
[Site "MVP"]
[Date "2014.03.16"]
[Round "7.6"]
[White "Celmer, Ole"]
[Black "Schmidt, Reinhard"]
[Result "1/2-1/2"]
[WhiteElo "1915"]
[BlackElo "1793"]
[PlyCount "120"]
[EventDate "2013.??.??"]
[EventType "team-tourn"]
[EventRounds "9"]
[EventCountry "GER"]
[SourceDate "2013.10.20"]
[WhiteTeam "SSC Rostock 07 II"]
[BlackTeam "SF Ostsee Warnemünde"]
[WhiteTeamCountry "GER"]
[BlackTeamCountry "GER"]

1. e4 c5 2. c3 d5 3. exd5 Qxd5 4. d4 cxd4 5. cxd4 e5 6. dxe5 Qxe5+ 7. Qe2 Nc6
8. Qxe5+ Nxe5 9. Bf4 Bd6 10. Nc3 Nd3+ 11. Bxd3 Bxf4 12. Nge2 Bb8 13. O-O-O Ne7
14. Bb5+ Nc6 15. Nd4 O-O 16. Nxc6 bxc6 17. Bxc6 Bf4+ 18. Kb1 Rb8 19. Rhe1 Be6
20. Bd5 Bf5+ 21. Be4 Be6 22. Bd5 Bf5+ 23. Be4 Be6 24. Nd5 Bh6 25. f3 Kh8 26.
Nc7 Bc8 27. g3 g6 28. Re2 Bg7 29. g4 Be5 30. Nd5 Be6 31. b3 Bd6 32. h4 Ba3 33.
Bc2 Rbc8 34. h5 Rc5 35. Nf4 Bc8 36. Red2 Bb7 37. Rd8 Rc8 38. Rxf8+ Rxf8 39. Nd5
Kg7 40. hxg6 fxg6 41. Be4 Ba6 42. Nc7 Bc8 43. Nb5 Bc5 44. Rc1 Bb6 45. Nxa7 Bxg4
46. fxg4 Bxa7 47. Rc7+ Rf7 48. Rxf7+ Kxf7 49. Kc2 h5 50. gxh5 gxh5 51. Kd3 Ke7
52. Kc4 Kd6 53. b4 Kc7 54. a4 Bf2 55. a5 Kb8 56. Kb5 Ka7 57. Ka4 h4 58. b5 Be3
59. Kb3 Bd2 60. b6+ Ka6 1/2-1/2

[Event "Verbandsliga MVP 2013-14"]
[Site "MVP"]
[Date "2014.03.16"]
[Round "7.7"]
[White "Vladov, Mark"]
[Black "Schumann, Rabea"]
[Result "0-1"]
[WhiteElo "1617"]
[BlackElo "1687"]
[PlyCount "122"]
[EventDate "2013.??.??"]
[EventType "team-tourn"]
[EventRounds "9"]
[EventCountry "GER"]
[SourceDate "2013.10.20"]
[WhiteTeam "SF Ostsee Warnemünde"]
[BlackTeam "SSC Rostock 07 II"]
[WhiteTeamCountry "GER"]
[BlackTeamCountry "GER"]

1. c4 c5 2. Nc3 Nf6 3. g3 g6 4. Bg2 Bg7 5. e3 Nc6 6. d4 d6 7. Nge2 O-O 8. O-O
Bd7 9. a3 Rb8 10. Rb1 Bf5 11. e4 cxd4 12. exf5 dxc3 13. fxg6 hxg6 14. Nxc3 Qd7
15. Re1 Rbd8 16. Bg5 Rfe8 17. Qd2 Rc8 18. Ne4 Nxe4 19. Rxe4 a6 20. Rbe1 Qc7 21.
b4 Ne5 22. Rc1 b5 23. cxb5 Qxc1+ 24. Qxc1 Rxc1+ 25. Bxc1 axb5 26. Bf1 Rc8 27.
Bf4 Rc3 28. Bxe5 Bxe5 29. Re3 Rxe3 30. fxe3 Bb2 31. a4 bxa4 32. b5 d5 33. Bd3
f5 34. Bc2 a3 35. Bb3 e6 36. Kf2 Kf7 37. Kf3 Kf6 38. b6 g5 39. g4 Be5 40. h3 f4
41. exf4 Bxf4 42. h4 Be5 43. h5 Ke7 44. b7 Kd7 45. Ke3 Kc7 46. Kd3 Kxb7 47. Kc2
Kb6 48. Kb1 Kb5 49. Bc2 Bf6 50. Ka2 Kb4 51. Bb3 Bg7 52. Bc2 e5 53. Bf5 d4 54.
Be4 Kc3 55. Kxa3 d3 56. Ka4 d2 57. Bf3 Kc2 58. Kb4 d1=Q 59. Bxd1+ Kxd1 60. Kc4
e4 61. h6 Bh8 0-1

[Event "Verbandsliga MVP 2013-14"]
[Site "MVP"]
[Date "2014.03.16"]
[Round "7.8"]
[White "Fiss, Daniel"]
[Black "Warmuth, Ruediger"]
[Result "1-0"]
[WhiteElo "1690"]
[BlackElo "1420"]
[PlyCount "93"]
[EventDate "2013.??.??"]
[EventType "team-tourn"]
[EventRounds "9"]
[EventCountry "GER"]
[SourceDate "2013.10.20"]
[WhiteTeam "SSC Rostock 07 II"]
[BlackTeam "SF Ostsee Warnemünde"]
[WhiteTeamCountry "GER"]
[BlackTeamCountry "GER"]

1. d4 d5 2. c4 e6 3. Nc3 Nf6 4. Bf4 a6 5. e3 Be7 6. Nf3 Ne4 7. Bd3 f5 8. Rc1
Nxc3 9. bxc3 O-O 10. O-O Bd6 11. Bxd6 Qxd6 12. cxd5 exd5 13. c4 c6 14. cxd5
cxd5 15. Qb3 b5 16. Rc5 Bb7 17. Ne5 Nd7 18. Nxd7 Qxd7 19. Rfc1 Rac8 20. e4 Rxc5
21. Rxc5 fxe4 22. Bxe4 Rd8 23. Bf3 g6 24. h3 Qd6 25. a4 Kg7 26. axb5 axb5 27.
Qxb5 Ba8 28. Qa5 Kh6 29. Qc7 Qf6 30. Ra5 Rh8 31. Bxd5 Bxd5 32. Rxd5 Rf8 33. Qg3
Ra8 34. Qe3+ g5 35. h4 Ra1+ 36. Kh2 Qf4+ 37. Qxf4 gxf4 38. Rf5 Rd1 39. Rxf4 Kh5
40. Kg3 Rd3+ 41. f3 Rd2 42. Re4 Kg6 43. Kh3 Rd3 44. Rf4 h5 45. g4 Rd1 46. g5
Kg7 47. Kg2 1-0

[Event "Verbandsliga MVP 2013-14"]
[Site "MVP"]
[Date "2014.03.16"]
[Round "7.1"]
[White "Ispirjan, Mikael"]
[Black "Schwetlick, Thomas"]
[Result "1-0"]
[WhiteElo "1952"]
[BlackElo "1846"]
[PlyCount "85"]
[EventDate "2013.??.??"]
[EventType "team-tourn"]
[EventRounds "9"]
[EventCountry "GER"]
[SourceDate "2013.10.20"]
[WhiteTeam "SAV Torgelow-Drögeheide 90"]
[BlackTeam "HSG Uni Rostock"]
[WhiteTeamCountry "GER"]
[BlackTeamCountry "GER"]

1. e4 e5 2. Nf3 Nc6 3. Bb5 a6 4. Ba4 Nf6 5. O-O Be7 6. Re1 b5 7. Bb3 d6 8. c3
O-O 9. h3 Bb7 10. d3 Re8 11. Nbd2 Bf8 12. Nf1 h6 13. a4 Nd7 14. axb5 axb5 15.
Rxa8 Qxa8 16. Nh4 Nc5 17. Bc2 Qd8 18. Qg4 Bc8 19. Qg3 Qf6 20. Ne3 Ne7 21. Ng4
Bxg4 22. Qxg4 g6 23. f4 exf4 24. Bxf4 Qg7 25. Be3 Ne6 26. Bb3 Nc6 27. Rf1 Ne5
28. Qe2 c5 29. Nf3 Rc8 30. Nxe5 Qxe5 31. Qf3 Rc7 32. Bd5 Qg7 33. Qg4 Re7 34.
Bf2 h5 35. Qf3 Ra7 36. Bh4 Be7 37. Bg3 Bf8 38. Qe3 Rc7 39. e5 Rd7 40. exd6 Bxd6
41. Bxe6 Re7 42. Bxd6 Rxe6 43. Qxc5 1-0

[Event "Verbandsliga MVP 2013-14"]
[Site "MVP"]
[Date "2014.03.16"]
[Round "7.2"]
[White "Moeller, Peter"]
[Black "Zentgraf, Robert"]
[Result "0-1"]
[WhiteElo "1965"]
[BlackElo "2076"]
[PlyCount "94"]
[EventDate "2013.??.??"]
[EventType "team-tourn"]
[EventRounds "9"]
[EventCountry "GER"]
[SourceDate "2013.10.20"]
[WhiteTeam "HSG Uni Rostock"]
[BlackTeam "SAV Torgelow-Drögeheide 90"]
[WhiteTeamCountry "GER"]
[BlackTeamCountry "GER"]

1. e4 c5 2. d3 Nc6 3. g3 d5 4. Nd2 Nf6 5. Bg2 g6 6. Ngf3 Bg7 7. O-O O-O 8. Re1
dxe4 9. dxe4 Be6 10. c3 h6 11. Qc2 Rc8 12. Nf1 Qa5 13. Be3 Rfd8 14. Qc1 Kh7 15.
N1d2 c4 16. h3 Nd7 17. Bd4 Nde5 18. Nxe5 Nxd4 19. cxd4 Bxe5 20. d5 c3 21. bxc3
Rxc3 22. Qd1 Bc8 23. Nb3 Qb6 24. Kf1 Bd7 25. Bf3 Bxh3+ 26. Bg2 Qb5+ 27. Kg1 Qd7
28. Rc1 Rdc8 29. Rxc3 Rxc3 30. Kh2 Bxg2 31. Kxg2 Qc7 32. Qg4 h5 33. Qg5 Rc2 34.
Rc1 Bf6 35. Qe3 Rxc1 36. Nxc1 Qc2 37. Nd3 Qxa2 38. Kh3 Qa1 39. Kg2 Qd4 40. Qf3
Kg7 41. Qe2 Be5 42. f4 Bc7 43. Qf3 Bb6 44. e5 Qe3 45. d6 Qxf3+ 46. Kxf3 exd6
47. exd6 Kf6 0-1

[Event "Verbandsliga MVP 2013-14"]
[Site "MVP"]
[Date "2014.03.16"]
[Round "7.3"]
[White "Onasch, Paul"]
[Black "Hammel, Ralf"]
[Result "1/2-1/2"]
[WhiteElo "2000"]
[BlackElo "1967"]
[PlyCount "86"]
[EventDate "2013.??.??"]
[EventType "team-tourn"]
[EventRounds "9"]
[EventCountry "GER"]
[SourceDate "2013.10.20"]
[WhiteTeam "SAV Torgelow-Drögeheide 90"]
[BlackTeam "HSG Uni Rostock"]
[WhiteTeamCountry "GER"]
[BlackTeamCountry "GER"]

1. d4 e6 2. Nf3 Nf6 3. e3 d5 4. Bd3 c5 5. c3 Nc6 6. Nbd2 Bd6 7. O-O O-O 8. dxc5
Bxc5 9. e4 Qc7 10. Qe2 Ng4 11. Nb3 Bd6 12. h3 Nge5 13. Nxe5 Nxe5 14. Bf4 Bd7
15. Bc2 Bc6 16. Nd4 Nf3+ 17. Nxf3 Bxf4 18. e5 f6 19. Rae1 a6 20. Bd3 Rae8 21.
g3 Bxe5 22. Nxe5 fxe5 23. Qxe5 Qxe5 24. Rxe5 Rf3 25. Be2 Rf6 26. Bg4 Bb5 27.
Rfe1 Kf7 28. f4 Bd3 29. Bf3 Bb5 30. Rd1 g6 31. Rd4 Rd8 32. Bd1 Rf5 33. Re3 Rf6
34. Bb3 Rd7 35. Rd2 h6 36. a4 Bc6 37. Rde2 Rd6 38. h4 b6 39. Re5 Rf5 40. R5e3
Rf6 41. Rd2 Rd7 42. Bc2 a5 43. Re5 b5 1/2-1/2

[Event "Verbandsliga MVP 2013-14"]
[Site "MVP"]
[Date "2014.03.16"]
[Round "7.4"]
[White "Kutschke, Peter"]
[Black "Schmekel, Florian"]
[Result "1-0"]
[WhiteElo "1932"]
[BlackElo "1778"]
[PlyCount "135"]
[EventDate "2013.??.??"]
[EventType "team-tourn"]
[EventRounds "9"]
[EventCountry "GER"]
[SourceDate "2013.10.20"]
[WhiteTeam "HSG Uni Rostock"]
[BlackTeam "SAV Torgelow-Drögeheide 90"]
[WhiteTeamCountry "GER"]
[BlackTeamCountry "GER"]

1. e4 c5 2. c4 Nc6 3. Ne2 g6 4. d4 cxd4 5. Nxd4 Nf6 6. Nc3 d6 7. Be2 Nxd4 8.
Qxd4 Bg7 9. Be3 O-O 10. Qd2 Be6 11. Rc1 Qa5 12. f3 Rfc8 13. b3 a6 14. O-O Nd7
15. Rfd1 b5 16. Nd5 Qxd2 17. Bxd2 Bxd5 18. exd5 bxc4 19. Bxc4 f5 20. Be3 Rc7
21. Be2 Rb7 22. Rc6 a5 23. Rdc1 Kf7 24. Ba6 Rb4 25. Bc8 Nf8 26. Rc7 Bf6 27. Bb7
Rb8 28. Bc6 g5 29. Ra7 f4 30. Bf2 Ng6 31. Rxa5 Ne5 32. Rd1 h5 33. h3 Rg8 34.
Ra4 Rxa4 35. Bxa4 g4 36. hxg4 hxg4 37. fxg4 Rxg4 38. Kf1 Bh4 39. Bb5 f3 40.
gxf3 Nxf3 41. Bxh4 Rxh4 42. Kg2 Ne5 43. Rf1+ Kg7 44. Be2 Re4 45. Kf2 Rd4 46.
Rd1 Rxd1 47. Bxd1 Kf6 48. Ke3 e6 49. Kd4 exd5 50. Kxd5 Ke7 51. Be2 Kd7 52. b4
Kc7 53. b5 Nd7 54. Kc4 Kb6 55. Kb4 Nc5 56. Bc4 Nd7 57. a4 Kb7 58. Bd5+ Ka7 59.
a5 Nc5 60. Bc6 Nd3+ 61. Kc4 Nc5 62. Bf3 Na4 63. Kb4 Nc5 64. b6+ Ka6 65. Be2+
Kb7 66. Kb5 Ne6 67. a6+ Kb8 68. a7+ 1-0

[Event "Verbandsliga MVP 2013-14"]
[Site "MVP"]
[Date "2014.03.16"]
[Round "7.5"]
[White "Bauer, Norbert"]
[Black "Giese, Guido"]
[Result "1/2-1/2"]
[WhiteElo "1924"]
[BlackElo "1899"]
[PlyCount "45"]
[EventDate "2013.??.??"]
[EventType "team-tourn"]
[EventRounds "9"]
[EventCountry "GER"]
[SourceDate "2013.10.20"]
[WhiteTeam "SAV Torgelow-Drögeheide 90"]
[BlackTeam "HSG Uni Rostock"]
[WhiteTeamCountry "GER"]
[BlackTeamCountry "GER"]

1. d4 Nf6 2. c4 g6 3. Nc3 Bg7 4. e4 d6 5. Be2 O-O 6. Bg5 h6 7. Be3 c5 8. d5 e6
9. Qd2 Kh7 10. h4 exd5 11. exd5 Re8 12. h5 g5 13. O-O-O Bf5 14. Bd3 Bxd3 15.
Qxd3+ Kh8 16. Nh3 Ng4 17. Rhe1 Na6 18. a3 Qf6 19. f3 Rxe3 20. Rxe3 Nxe3 21.
Qxe3 Nc7 22. Re1 Re8 23. Qd2 1/2-1/2

[Event "Verbandsliga MVP 2013-14"]
[Site "MVP"]
[Date "2014.03.16"]
[Round "7.6"]
[White "Sager, Bernd"]
[Black "Ehlers, Michael"]
[Result "0-1"]
[WhiteElo "1734"]
[BlackElo "1882"]
[Annotator "Schwetlick,Thomas"]
[PlyCount "58"]
[EventDate "2013.??.??"]
[EventType "team-tourn"]
[EventRounds "9"]
[EventCountry "GER"]
[SourceDate "2013.10.20"]
[WhiteTeam "HSG Uni Rostock"]
[BlackTeam "SAV Torgelow-Drögeheide 90"]
[WhiteTeamCountry "GER"]
[BlackTeamCountry "GER"]

1. d4 Nf6 2. Nf3 g6 3. g3 Bg7 4. Bg2 c5 5. O-O cxd4 6. Nxd4 O-O 7. e4 d6 8. Nc3
Nbd7 9. h3 Ne5 10. Kh2 Qb6 11. Nb3 Nc4 12. Qe2 Be6 13. Rb1 Rac8 14. Re1 Rfe8
15. Nd1 Nd7 16. Ne3 Qd8 17. c3 Nxe3 18. Bxe3 Bc4 19. Qd2 b5 20. Nd4 b4 21. cxb4
Ne5 22. b3 Ba6 23. b5 Bb7 24. f4 Nd7 25. b4 Nb6 26. Rec1 Nc4 27. Qe2 Nxe3 28.
Qxe3 Qb6 29. Rxc8 Rxc8 {ZÜ} 0-1

[Event "Verbandsliga MVP 2013-14"]
[Site "MVP"]
[Date "2014.03.16"]
[Round "7.7"]
[White "Behm, Willi"]
[Black "Schroeder, Christian"]
[Result "1-0"]
[WhiteElo "1923"]
[BlackElo "1879"]
[PlyCount "131"]
[EventDate "2013.??.??"]
[EventType "team-tourn"]
[EventRounds "9"]
[EventCountry "GER"]
[SourceDate "2013.10.20"]
[WhiteTeam "SAV Torgelow-Drögeheide 90"]
[BlackTeam "HSG Uni Rostock"]
[WhiteTeamCountry "GER"]
[BlackTeamCountry "GER"]

1. e4 c5 2. Nf3 d6 3. d4 cxd4 4. Nxd4 Nf6 5. Nc3 a6 6. Be2 e5 7. Nb3 Be6 8. O-O
b5 9. Be3 Nbd7 10. Bf3 Nb6 11. Na5 Qc7 12. a3 Be7 13. Qd2 O-O 14. Rfd1 Rac8 15.
Qe1 Na4 16. Nxa4 bxa4 17. Rac1 Qb8 18. Qb4 Qxb4 19. axb4 Bc4 20. c3 Rfd8 21. g4
h6 22. h4 Nh7 23. Rd2 Bxh4 24. Nb7 Bg5 25. Nxd6 Bxe3 26. fxe3 Ng5 27. Kg2 Be6
28. Rcd1 Rc7 29. Nf5 Rcd7 30. Ne7+ Kf8 31. Nd5 Nxf3 32. Kxf3 g6 33. c4 Rb8 34.
c5 h5 35. gxh5 gxh5 36. Nb6 Bg4+ 37. Kg3 Rdb7 38. Ra1 Rxb6 39. cxb6 Rxb6 40.
Rxa4 Kg7 41. Rd5 f6 42. b5 axb5 43. Ra7+ Kg6 44. Rd8 f5 45. Rg8+ Kh6 46. Re7
fxe4 47. Rxe5 Bf3 48. Rgg5 b4 49. Rb5 Rc6 50. Kf4 Rf6+ 51. Rgf5 Rg6 52. Rxb4 h4
53. Rb8 Kg7 54. Rg5 Rxg5 55. Kxg5 h3 56. Rb7+ Kf8 57. Rh7 Bg2 58. b4 Ke8 59. b5
Kd8 60. b6 Kc8 61. Kf5 Kb8 62. Ke5 Bf1 63. Kd5 Ba6 64. Kc6 Bc8 65. Rh8 h2 66.
b7 1-0

[Event "Verbandsliga MVP 2013-14"]
[Site "MVP"]
[Date "2014.03.16"]
[Round "7.8"]
[White "Hantel, Thomas"]
[Black "Schmidt, Paul"]
[Result "1-0"]
[WhiteElo "1661"]
[BlackElo "1535"]
[PlyCount "111"]
[EventDate "2013.??.??"]
[EventType "team-tourn"]
[EventRounds "9"]
[EventCountry "GER"]
[SourceDate "2013.10.20"]
[WhiteTeam "HSG Uni Rostock"]
[BlackTeam "SAV Torgelow-Drögeheide 90"]
[WhiteTeamCountry "GER"]
[BlackTeamCountry "GER"]

1. d4 Nf6 2. c4 e6 3. Nc3 d5 4. Nf3 c5 5. e3 Nc6 6. Be2 b6 7. O-O Be7 8. dxc5
bxc5 9. cxd5 exd5 10. Bb5 Bb7 11. Ne5 Qc7 12. Qa4 Rc8 13. Qxa7 Bd6 14. Bxc6+
Bxc6 15. Qxc7 Rxc7 16. Nxc6 Rxc6 17. Rd1 Be5 18. Nxd5 Ng4 19. h3 Nh6 20. f4 Bd6
21. Nc3 O-O 22. b3 Rb8 23. Ne4 Be7 24. Bb2 Nf5 25. Kf2 h5 26. g4 hxg4 27. hxg4
Nh6 28. Kf3 f5 29. gxf5 Nxf5 30. Rg1 Rh6 31. Rh1 Rg6 32. Rag1 Re6 33. Be5 Rd8
34. Ng5 Rg6 35. Rd1 Rf8 36. Rhg1 Nh4+ 37. Ke2 Nf5 38. Rc1 Re8 39. Nf3 Re6 40.
Rc4 Ra6 41. Rc2 Rea8 42. Ra1 Ng3+ 43. Ke1 Ne4 44. Nd2 Bh4+ 45. Ke2 Ng3+ 46. Kf3
Rc8 47. Ne4 Nf5 48. Rxc5 Rxc5 49. Nxc5 Rg6 50. Ne4 Bd8 51. Ng5 Nh4+ 52. Kg4 Ng2
53. Kf3 Nh4+ 54. Ke4 Bxg5 55. fxg5 Rxg5 56. a4 1-0

[Event "Verbandsliga MVP 2013-14"]
[Site "MVP"]
[Date "2014.03.16"]
[Round "7.2"]
[White "Heinsohn, Wilfried"]
[Black "Hagenlueke, Thomas"]
[Result "1/2-1/2"]
[WhiteElo "2101"]
[BlackElo "1897"]
[PlyCount "32"]
[EventDate "2013.??.??"]
[EventType "team-tourn"]
[EventRounds "9"]
[EventCountry "GER"]
[SourceDate "2013.10.20"]
[WhiteTeam "SF Schwerin II"]
[BlackTeam "Greifswalder SV II"]
[WhiteTeamCountry "GER"]
[BlackTeamCountry "GER"]

1. e4 c5 2. c3 Nf6 3. e5 Nd5 4. d4 cxd4 5. Nf3 e6 6. cxd4 b6 7. a3 Ba6 8. Bxa6
Nxa6 9. O-O Be7 10. Nbd2 O-O 11. Ne4 f5 12. exf6 Nxf6 13. Qd3 Nxe4 14. Qxe4 Nc7
15. Be3 Nd5 16. Rae1 Rc8 1/2-1/2

[Event "Verbandsliga MVP 2013-14"]
[Site "MVP"]
[Date "2014.03.16"]
[Round "7.3"]
[White "Schwahn, Christian"]
[Black "Wolf, Christoph"]
[Result "0-1"]
[WhiteElo "1947"]
[BlackElo "2103"]
[PlyCount "82"]
[EventDate "2013.??.??"]
[EventType "team-tourn"]
[EventRounds "9"]
[EventCountry "GER"]
[SourceDate "2013.10.20"]
[WhiteTeam "Greifswalder SV II"]
[BlackTeam "SF Schwerin II"]
[WhiteTeamCountry "GER"]
[BlackTeamCountry "GER"]

1. e4 e6 2. d4 d5 3. Nc3 Nf6 4. Bg5 dxe4 5. Nxe4 Nbd7 6. Nf3 h6 7. Bxf6 Nxf6 8.
Bd3 Be7 9. O-O O-O 10. Ne5 Qd5 11. c4 Qa5 12. c5 Nxe4 13. Bxe4 Bf6 14. b4 Qxb4
15. Rb1 Qa3 16. f4 Rd8 17. Qh5 Rf8 18. Rb3 Qa4 19. Rd1 Bxe5 20. Qxe5 Bd7 21.
Bxb7 Rad8 22. Qxc7 Bb5 23. Qe5 Bc4 24. Rbb1 Bd5 25. Rd2 Bxb7 26. Rxb7 Rd5 27.
Qe3 Qc4 28. Rb1 Rfd8 29. Rbd1 Rb8 30. Kf2 g5 31. g3 Rf5 32. Re2 Kh8 33. Rc1 Qa6
34. c6 Rc8 35. Qc3 gxf4 36. d5+ Kh7 37. d6 fxg3+ 38. Ke1 g2 39. Kd2 Rd5+ 40.
Ke3 Qb6+ 41. Kf3 Rxc6 0-1

[Event "Verbandsliga MVP 2013-14"]
[Site "MVP"]
[Date "2014.03.16"]
[Round "7.4"]
[White "Weyrich, Morten"]
[Black "Nauschuetz, Ernst"]
[Result "1-0"]
[WhiteElo "2212"]
[BlackElo "1893"]
[PlyCount "87"]
[EventDate "2013.??.??"]
[EventType "team-tourn"]
[EventRounds "9"]
[EventCountry "GER"]
[SourceDate "2013.10.20"]
[WhiteTeam "SF Schwerin II"]
[BlackTeam "Greifswalder SV II"]
[WhiteTeamCountry "GER"]
[BlackTeamCountry "GER"]

1. g3 c5 2. c4 g6 3. Bg2 Bg7 4. e3 Nc6 5. Ne2 e5 6. Nbc3 Nge7 7. b3 O-O 8. Bb2
d6 9. d3 a6 10. Qd2 Rb8 11. O-O Be6 12. Nd5 b5 13. f4 f5 14. Nec3 Bf7 15. Rae1
b4 16. Nxe7+ Nxe7 17. Nd5 Nxd5 18. cxd5 Rb7 19. fxe5 dxe5 20. e4 fxe4 21. dxe4
Qb6 22. Rf2 Be8 23. Bh3 Bd7 24. Rxf8+ Kxf8 25. Rf1+ Kg8 26. Bxd7 Rxd7 27. Qf2
Qd6 28. Bc1 Rc7 29. Be3 h5 30. Qe2 Bf8 31. g4 hxg4 32. Qxg4 Rf7 33. h4 Rxf1+
34. Kxf1 Qf6+ 35. Ke2 Kf7 36. Bg5 Qd6 37. Qc8 Be7 38. Qb7 Kf8 39. Qc6 Qxc6 40.
dxc6 Bd6 41. Kd3 Kf7 42. Kc4 Ke6 43. Bd8 Bf8 44. c7 1-0

[Event "Verbandsliga MVP 2013-14"]
[Site "MVP"]
[Date "2014.03.16"]
[Round "7.5"]
[White "Sowada, Christoph"]
[Black "Wandel, Bernd"]
[Result "1-0"]
[WhiteElo "1871"]
[BlackElo "2073"]
[PlyCount "29"]
[EventDate "2013.??.??"]
[EventType "team-tourn"]
[EventRounds "9"]
[EventCountry "GER"]
[SourceDate "2013.10.20"]
[WhiteTeam "Greifswalder SV II"]
[BlackTeam "SF Schwerin II"]
[WhiteTeamCountry "GER"]
[BlackTeamCountry "GER"]

1. e4 c6 2. Ne2 d5 3. e5 d4 4. b4 b6 5. Bb2 c5 6. Nxd4 cxd4 7. Qf3 Qc7 8. Qxa8
Bb7 9. Bb5+ Kd8 10. Qxa7 Qxe5+ 11. Kd1 Kc7 12. Na3 Qf6 13. Be2 Kc8 14. Nb5 e5
15. Bg4+ 1-0

[Event "Verbandsliga MVP 2013-14"]
[Site "MVP"]
[Date "2014.03.16"]
[Round "7.6"]
[White "Roehl, Rainer"]
[Black "Motullo, Jens"]
[Result "1-0"]
[WhiteElo "2031"]
[BlackElo "1605"]
[PlyCount "52"]
[EventDate "2013.??.??"]
[EventType "team-tourn"]
[EventRounds "9"]
[EventCountry "GER"]
[SourceDate "2013.10.20"]
[WhiteTeam "SF Schwerin II"]
[BlackTeam "Greifswalder SV II"]
[WhiteTeamCountry "GER"]
[BlackTeamCountry "GER"]

1. d4 Nf6 2. Bf4 g6 3. e3 Bg7 4. Nf3 O-O 5. Be2 d6 6. h3 Nbd7 7. O-O Nh5 8. Bh2
c6 9. c3 h6 10. Nbd2 f5 11. Nh4 Qe8 12. Nxg6 Qxg6 13. Bxh5 Qh7 14. f4 e5 15.
Nc4 exd4 16. exd4 d5 17. Ne5 Nxe5 18. fxe5 Be6 19. Bf4 b5 20. Rf3 Rfc8 21. Rg3
Kf8 22. Bg6 Qh8 23. Qh5 Ke7 24. Bxf5 Bxf5 25. Qxf5 Rg8 26. Rg6 Rgc8 1-0

[Event "Verbandsliga MVP 2013-14"]
[Site "MVP"]
[Date "2014.03.16"]
[Round "7.7"]
[White "Kriese, Ralf"]
[Black "Schiewer, Robert"]
[Result "1/2-1/2"]
[WhiteElo "1684"]
[BlackElo "1897"]
[PlyCount "43"]
[EventDate "2013.??.??"]
[EventType "team-tourn"]
[EventRounds "9"]
[EventCountry "GER"]
[SourceDate "2013.10.20"]
[WhiteTeam "Greifswalder SV II"]
[BlackTeam "SF Schwerin II"]
[WhiteTeamCountry "GER"]
[BlackTeamCountry "GER"]

1. e4 c5 2. Nf3 Nc6 3. d4 cxd4 4. Nxd4 e5 5. Nb5 d6 6. N1c3 a6 7. Na3 Nf6 8.
Bg5 Be7 9. Bxf6 Bxf6 10. Nc4 Nd4 11. Nd5 b5 12. Ncb6 Rb8 13. Nxc8 Rxc8 14. c3
Ne6 15. Be2 O-O 16. O-O Nf4 17. a4 Nxd5 18. Qxd5 Rc5 19. Qd3 Qb6 20. axb5 axb5
21. Rfd1 Be7 22. Qe3 1/2-1/2